00237nam a2200097Ia 4500008004100000082002000041100001800061245001500079260003700094300000800131150731s2007 xx 000 0 und d a612.015bR 07 J aJOSHI,DAMODAR aRASAMRITAM bCHAUKHAMBHA PUB. NEW DELHIc2007 a312